000 01188cad a22002175a 4500
001 L156197
008 120503e20120501xxk 000 0 eng u
035 _a(Sirsi) u156197
041 0 _aeng
110 2 _aUnited Kingdom
_bLand Registry
_94774
245 0 0 _aLand Registry house price index
_bMarch 2012
_h[electronic resource]
260 _aLondon
_bLand Registry
_c2012
490 0 _aLand Registry House Price Index
_vMarch 2012
520 _aHouse prices decreased in February 2012 by 0.6% but fell by 0.6% since February 2011. The average house price is £160 372. Prices fell across all regions including London and South East apart from North East. The number of property transactions has increased over the last year. In October 2010 to January 2011, there was an average of 52 363. Between October 2011 and January 2012, the average sales per month were 55 661.
590 _aKA NTK
650 2 4 _aLAND REGISTRY HOUSE PRICE INDEX
651 4 _aEngland and Wales
_y1543-
690 _aResidential property
_96266
856 4 0 _uhttps://www.landregistry.gov.uk/__data/assets/pdf_file/0018/6552/HPI-Mar-12.pdf
_zView the report free of charge at www.landreg.gov.uk
942 _n0
999 _c114095
_d114095